000 01009nmm a2200301 a 4500
001 ocm000924494
003 TR-IsHL
005 20201028145253.0
008 150110s2012 tu tur
007 cr cn
020 _a9786055904340
035 _a924494
_b(N$T)
050 0 4 _aB3216.D82
_bH3719 2012
090 0 4 _aB3216.D82
_bH3719 2012
100 1 _aDilthey, Wilhelm
245 1 0 _aHermeneutik ve tin bilimleri: temel metinler
_h[electronic resource] /
_cWilhelm Dilthey ; Türkçesi Doğan Özlem
250 _a2. bs.
260 _aİstanbul :
_bNotos Kitap Yayınevi,
_c2012
300 _a149 p.
500 _aBibliyografya ve dizin var.
_x
650 4 _aFelsefe, Psikoloji ve Din
650 4 _aPhilosophy, Psychology and Religion
650 0 _aYorumlama
_x Tarih
650 0 _aHermeneutics
_x History
650 7 _aPHILOSOPHY / Hermeneutics
_2bisacsh
700 1 _aÖzlem, Doğan
856 4 0 _uhttp://search.ebscohost.com/login.aspx?direct=true&scope=site&db=e011xww&AN=924494
999 _c9864
_d9864